skbl

Dr Suryya Kumar Bhuyan Library Web-OPAC
ডঃ সূৰ্য্য
কুমাৰ ভূঞা পুথিভঁৰাল ৱেব-অ'পেক

All Research Scholars are advised to clear the annual library fees to continue using Library Resources, Remote Access, Plagiarism Test and Library Clearance.

Cotton University Book Fair 2026

The Purva Mimamsa Sutras of Jaimini : (Record no. 55979)

MARC details
000 -LEADER
fixed length control field 00596nam a2200181Ia 4500
001 - CONTROL NUMBER
control field 56055
008 - FIXED-LENGTH DATA ELEMENTS--GENERAL INFORMATION
fixed length control field 130109n2008 ii |||gr||||Z||||||465
020 ## - INTERNATIONAL STANDARD BOOK NUMBER
International Standard Book Number 8130705230
082 ## - DEWEY DECIMAL CLASSIFICATION NUMBER
Classification number 181,48
245 #0 - TITLE STATEMENT
Title The Purva Mimamsa Sutras of Jaimini :
Remainder of title The Sacred Books of The Hindus /
Statement of responsibility, etc. Mahamahopadhyaya & Pandit Ganganath Jha Translated by .
Medium Textual Documents
250 ## - EDITION STATEMENT
Edition statement Ist ed.
260 ## - PUBLICATION, DISTRIBUTION, ETC.
Place of publication, distribution, etc. New Delhi
Name of publisher, distributor, etc. Cosmo Publications
Date of publication, distribution, etc. 2008
300 ## - PHYSICAL DESCRIPTION
Extent 506pg:
Dimensions 23cm.
653 ## - INDEX TERM--UNCONTROLLED
Uncontrolled term Ethics
653 ## - INDEX TERM--UNCONTROLLED
Uncontrolled term Deptt- Sanskrit
700 ## - ADDED ENTRY--PERSONAL NAME
Personal name Mahamahopadhyaya & Jha, Pandit Ganganath .,
Relator term Translator.
942 ## - ADDED ENTRY ELEMENTS (KOHA)
Source of classification or shelving scheme Dewey Decimal Classification
Koha item type Books
Holdings
Withdrawn status Lost status Damaged status Not for loan Collection Home library Current library Shelving location Date acquired Source of acquisition Coded location qualifier Cost, normal purchase price Total checkouts Full call number Barcode Date last seen Copy number Price effective from Koha item type Public note
          Dr. Suryya Kumar Bhuyan Library Dr. Suryya Kumar Bhuyan Library   09/01/2013 SA 00000 895.00   181,48 Jh 558 Pu 1056/Sans 14/01/2024 1 09/01/2013 Books SA

Designed and Maintained by Team SKBL
©1901-2026

Powered by Koha